| 000 | 01119nam a2200229Ia 4500 | ||
|---|---|---|---|
| 999 |
_c47812 _d47812 |
||
| 001 | 14686 | ||
| 003 | GE_BSU | ||
| 005 | 20190621132758.0 | ||
| 008 | 181216s2004||||ge |||||||||||||| ||geo|| | ||
| 020 | _a9994020528 | ||
| 040 | _cGE_BSU | ||
| 041 | _ageo | ||
| 080 | _a615.919(075.8) ჟ–84 | ||
| 100 |
_aჟორდანია, რევაზ _92717 |
||
| 245 |
_aზოოტოქსიკოლოგია ტოქსინოლოგიის საფუძვლებით = Zootoxicology with foundation of toxinology = Зоотоксикология с основами токсинологии : _bსახელმძღვ. უმაღლ. სასწ. სტუდ. / _cრედ.: ჯაბა ონიანი |
||
| 264 |
_aთბილისი : _bთბილისის უნ-ტის გამ-ბა, _c2004. |
||
| 300 |
_a247 გვ.: _bილ. ; _c20 სმ. |
||
| 653 | _a ზოოტოქსიკოლოგია | ||
| 653 | _aტოქსინოლოგია | ||
| 700 |
_aონიანი, ჯაბა _eრედაქტორი _92718 |
||
| 942 |
_cBK _2udc |
||